|
|
|
|
| LEADER |
01943nam a2200409 a 4500 |
| 001 |
mzk03001055692 |
| 003 |
CZ BrMZK |
| 005 |
20071003175633.0 |
| 007 |
ta |
| 008 |
071003s1762 it fr|||||00| ||latod |
| 040 |
|
|
|a BOA001
|b cze
|
| 041 |
0 |
|
|a lat
|a gre
|
| 072 |
|
7 |
|a 094
|x Staré tisky
|2 Konspekt
|9 12
|
| 080 |
|
|
|a (0.068)094
|2 MRF
|
| 100 |
0 |
|
|a Homéros,
|d činný 8. století př. Kr.
|7 jn19981001474
|4 aut
|
| 245 |
1 |
0 |
|a Opera Quae exstant omnia Graece & Latine :
|b Graeca Ad principem H. Stephani, ut & ad primam omnium Demetrii Chalcondylae editionem atque insuper ad cod. mss. sunt excussa. Ex Latinis editis Selecta sunt optima, verum ita interpolata, ut plurimis longe locis, praesertim totius Odysseae, nova plane versio videri possit /
|c Homeri ; Curante Jo. Henr. Lederlino, Linguar. Orient. in Acad. Argentorat. Prof. P. et post eum Stephano Berglero, Transylvano
|
| 260 |
|
|
|a Patavii :
|b Typis Seminarii. Apud Joannem Manfre,
|c 1762
|
| 300 |
|
|
|a XVI, 825, [8] s. ;
|c 8°
|
| 500 |
|
|
|a Výzdoba: Nad impresem signet "Post Fata Resurgo", vlysy, iniciály, viněty
|
| 546 |
|
|
|a Souběžný řecký a latinský text
|
| 561 |
|
|
|a Provenience: [razítko] Gymnasial Bibliothek Kremsier
|
| 561 |
|
|
|a Provenience: [razítko] Kroměříž
|
| 563 |
|
|
|a Původní pergamenová vazba
|
| 655 |
|
7 |
|a staré tisky
|7 fd422076
|2 czenas
|
| 700 |
1 |
|
|a Lederlin, Jean Henri,
|d 1672-1737
|7 ola2007364652
|4 com
|
| 700 |
1 |
|
|a Bergler, Stephan,
|d 1680-1738
|7 mzk2007395119
|4 com
|
| 700 |
1 |
|
|a Estienne, Henri,
|d asi 1528-1598
|7 mzk2003197780
|4 ant
|
| 700 |
1 |
|
|a Chalkokondylés, Démétrios,
|d asi 1424-1511
|7 mzk2007395120
|4 ant
|
| 903 |
|
|
|a RP
|
| 910 |
|
|
|a BOA001
|b ST1-0086.521
|
| 978 |
|
|
|b Manfre, Giovanni
|a Padova
|c 1762
|
| 984 |
|
|
|a Padova
|b Itálie
|
| 985 |
|
|
|a 1751-1800
|
| 990 |
|
|
|a BK
|
| 993 |
|
|
|a Y
|
| 991 |
|
|
|k mzk
|
| 996 |
6 |
|
|b 2619274639
|c ST1-0086.521
|l stud. ST
|r Sklad / do násl. otevíracího dne
|n 0
|w 001055692
|u 000010
|a 1
|e BOA001
|s P
|